| 000 | 00600nam a2200157 4500 | ||
|---|---|---|---|
| 001 | 3015 | ||
| 005 | 20181127170326.0 | ||
| 008 | 840208s1983 nyua b 001 0 eng | ||
| 020 | _a9781581525984 | ||
| 245 | 0 | 0 |
_aThe dimensions reader: _bCommunity College of Vermont / _cK.D. Maynard. Debby Stewart, Yasmine Ziesler, coordinating editors. |
| 260 |
_aActon, MA: _bCopley Custom Textbooks, _c2008. |
||
| 300 |
_axv, 563 p. : _b _c22 cm. |
||
| 500 | _a"An anthology to accompany Community College of Vermont's first semester seminars" | ||
| 650 | 0 | _aCollege readers. | |
| 650 | 0 |
_aEnglish language _xRhetoric. |
|
| 999 |
_c2423 _d2423 |
||